000 00367nam a2200157Ia 4500
008 210210b1986 xxu||||| |||| 00| 0 eng d
020 _a81 85110 00 X
082 _a926 TATK
100 _aTATA (J R D).
245 _aKeynote.
260 _aBombay.
_bTata Press Ltd.,
_c1986
300 _axviii,155
650 _aTata JRD
690 _aBiography
906 _a038771
999 _c88858
_d88858